000 00740nam a2200229 a 4500
001 000012109
005 20200929162710.0
008 091104s1994 sp a 000 0bspa d
020 _a8420646539
040 _aDO-SdBNP
_bspa
_dBNPHU
082 _a927.5
_bG724B
100 1 _aBozal, Valeriano
_d1940-
_928616
245 1 0 _aGoya /
_cValeriano Bozal.
260 _aMadrid :
_bAlianza,
_c1994.
300 _a64, viii p. :
_bil. ;
_c15 cm.
490 1 _aAlianza cien
_v53
500 _aLibro de bolsillo
600 1 0 _aGOYA, FRANCISCO DE,
_d1746-1828
_vBIOGRAFÍA
_928617
600 1 0 _aGOYA, FRANCISCO DE,
_d1746-1828
_xCRÍTICA E INTERPRETACIÓN
_921136
650 4 _aPintores españoles
_vBIOGRAFÍAS
_914281
830 0 _aAlianza cien ;
_v53
_912832
999 _c11774
_d11774